Normal view
MARC view
- Dela Cruz, Ilyn Chris
Entry Personal Name
001 - CONTROL NUMBER
- control field: 33302
003 - CONTROL NUMBER IDENTIFIER
- control field: OSt
005 - DATE AND TIME OF LATEST TRANSACTION
- control field: 20181214103840.0
008 - FIXED-LENGTH DATA ELEMENTS
- fixed length control field: 181214|| aca||aabn | a|a d
040 ## - CATALOGING SOURCE
- Original cataloging agency: OSt
- Transcribing agency: OSt
100 ## - HEADING--PERSONAL NAME
- Personal name: Dela Cruz, Ilyn Chris
670 ## - SOURCE DATA FOUND
- Source citation: Work cat.: (OSt): Capoy, Hannah Faye A. 33050, Web- based health monitoring system for the Municipality of Sta.Cruz health centers using quicksort algorithm /, April 2018.
